POWER ELECTONICS/ (Record no. 48438)

MARC details
000 -LEADER
fixed length control field 00383pam a2200169 a 4500
020 ## - INTERNATIONAL STANDARD BOOK NUMBER
Terms of availability
041 ## - LANGUAGE CODE
Language code of original
082 ## - DEWEY DECIMAL CLASSIFICATION NUMBER
Classification number 621.317
Item number SEN
100 ## - MAIN ENTRY--PERSONAL NAME
Personal name SEN P.C.
245 ## - TITLE STATEMENT
Title POWER ELECTONICS/
Medium Textual Documents
250 ## - EDITION STATEMENT
Edition statement 01-01-2002.
260 ## - PUBLICATION, DISTRIBUTION, ETC.
Name of publisher, distributor, etc. TATA MC GRAW HILL INT. NEW DELHI
300 ## - PHYSICAL DESCRIPTION
Extent XV/1031
500 ## - GENERAL NOTE
General note 5617
653 ## - INDEX TERM--UNCONTROLLED
Uncontrolled term POWER ELECTRONICS (T.E.-II)
930 ## - EQUIVALENCE OR CROSS-REFERENCE-UNIFORM TITLE HEADING [LOCAL, CANADA]
Uniform title 5213
Holdings
Withdrawn status Lost status Damaged status Not for loan Collection Home library Current library Shelving location Date acquired Source of acquisition Cost, normal purchase price Total Checkouts Full call number Barcode Date last seen Copy number Price effective from Koha item type
        EWP College of Engineering for Women, Pune College of Engineering for Women, Pune A-ROW-17:CUP-66 10/04/2004 BOOK LAND 310.00   621.317 SEN EWP-5271 24/02/2023 1 24/02/2023 Book